|
|
|
|
| LEADER |
03163nam a22005655i 4500 |
| 001 |
978-3-540-39725-0 |
| 003 |
DE-He213 |
| 005 |
20151204152450.0 |
| 007 |
cr nn 008mamaa |
| 008 |
100324s2006 gw | s |||| 0|eng d |
| 020 |
|
|
|a 9783540397250
|9 978-3-540-39725-0
|
| 024 |
7 |
|
|a 10.1007/11856214
|2 doi
|
| 040 |
|
|
|d GrThAP
|
| 050 |
|
4 |
|a QA76.9.M3
|
| 072 |
|
7 |
|a UYZM
|2 bicssc
|
| 072 |
|
7 |
|a UKR
|2 bicssc
|
| 072 |
|
7 |
|a BUS083000
|2 bisacsh
|
| 072 |
|
7 |
|a COM032000
|2 bisacsh
|
| 082 |
0 |
4 |
|a 005.74
|2 23
|
| 245 |
1 |
0 |
|a Recent Advances in Intrusion Detection
|h [electronic resource] :
|b 9th International Symposium, RAID 2006 Hamburg, Germany, September 20-22, 2006 Proceedings /
|c edited by Diego Zamboni, Christopher Kruegel.
|
| 264 |
|
1 |
|a Berlin, Heidelberg :
|b Springer Berlin Heidelberg,
|c 2006.
|
| 300 |
|
|
|a XII, 331 p.
|b online resource.
|
| 336 |
|
|
|a text
|b txt
|2 rdacontent
|
| 337 |
|
|
|a computer
|b c
|2 rdamedia
|
| 338 |
|
|
|a online resource
|b cr
|2 rdacarrier
|
| 347 |
|
|
|a text file
|b PDF
|2 rda
|
| 490 |
1 |
|
|a Lecture Notes in Computer Science,
|x 0302-9743 ;
|v 4219
|
| 505 |
0 |
|
|a Recent Advances in Intrusion Detection -- A Framework for the Application of Association Rule Mining in Large Intrusion Detection Infrastructures -- Behavioral Distance Measurement Using Hidden Markov Models -- Automated Discovery of Mimicry Attacks -- Allergy Attack Against Automatic Signature Generation -- Paragraph: Thwarting Signature Learning by Training Maliciously -- Anomaly Detector Performance Evaluation Using a Parameterized Environment -- Ranking Attack Graphs -- Using Hidden Markov Models to Evaluate the Risks of Intrusions -- The Nepenthes Platform: An Efficient Approach to Collect Malware -- Automatic Handling of Protocol Dependencies and Reaction to 0-Day Attacks with ScriptGen Based Honeypots -- Fast and Evasive Attacks: Highlighting the Challenges Ahead -- Anagram: A Content Anomaly Detector Resistant to Mimicry Attack -- DEMEM: Distributed Evidence-Driven Message Exchange Intrusion Detection Model for MANET -- Enhancing Network Intrusion Detection with Integrated Sampling and Filtering -- WIND: Workload-Aware INtrusion Detection -- SafeCard: A Gigabit IPS on the Network Card.
|
| 650 |
|
0 |
|a Computer science.
|
| 650 |
|
0 |
|a Computer communication systems.
|
| 650 |
|
0 |
|a Operating systems (Computers).
|
| 650 |
|
0 |
|a Data encryption (Computer science).
|
| 650 |
|
0 |
|a Computers and civilization.
|
| 650 |
|
0 |
|a Management information systems.
|
| 650 |
1 |
4 |
|a Computer Science.
|
| 650 |
2 |
4 |
|a Management of Computing and Information Systems.
|
| 650 |
2 |
4 |
|a Computers and Society.
|
| 650 |
2 |
4 |
|a Data Encryption.
|
| 650 |
2 |
4 |
|a Computer Communication Networks.
|
| 650 |
2 |
4 |
|a Operating Systems.
|
| 700 |
1 |
|
|a Zamboni, Diego.
|e editor.
|
| 700 |
1 |
|
|a Kruegel, Christopher.
|e editor.
|
| 710 |
2 |
|
|a SpringerLink (Online service)
|
| 773 |
0 |
|
|t Springer eBooks
|
| 776 |
0 |
8 |
|i Printed edition:
|z 9783540397236
|
| 830 |
|
0 |
|a Lecture Notes in Computer Science,
|x 0302-9743 ;
|v 4219
|
| 856 |
4 |
0 |
|u http://dx.doi.org/10.1007/11856214
|z Full Text via HEAL-Link
|
| 912 |
|
|
|a ZDB-2-SCS
|
| 912 |
|
|
|a ZDB-2-LNC
|
| 950 |
|
|
|a Computer Science (Springer-11645)
|